[Event "Oceania zt"]
[Site "Auckland"]
[Date "2005.02.03"]
[Round "7"]
[White "Van Renen, Mike"]
[Black "Wheeler, Bruce"]
[Result "1/2-1/2"]
[WhiteElo "2060"]
[BlackElo "2139"]
[PlyCount "66"]
[EventDate "2005.01.30"]
[EventType "swiss"]
[EventRounds "9"]
[EventCountry "NZL"]
[SourceTitle "CBM 104 Extra"]
[Source "ChessBase"]
[SourceDate "2005.03.01"]
[SourceVersion "1"]
[SourceVersionDate "2005.03.01"]
[SourceQuality "1"]

1. Nc3 e6 2. e4 d5 3. d3 Nf6 4. Bd2 Bc5 5. Nf3 Nc6 6. Be2 0-0 7. 0-0 d4 8. Nb1 e5 9. Bg5 Be7 10. c3 Nd7 11. Bxe7 Qxe7 12. cxd4 Nxd4 13. Nxd4 exd4 14. Nd2 c5 15. f4 b5 16. a4 bxa4 17. Rxa4 Nb6 18. Ra5 Bb7 19. Qb3 Qc7 20. Qa3 Rac8 21. Bg4 Nd7 22. Nc4 Bc6 23. e5 Bd5 24. Nd6 Rb8 25. Bxd7 Qxd7 26. Qxc5 Bxg2 27. Qxd4 Bxf1 28. Kxf1 Qh3+ 29. Kg1 Qg4+ 30. Kf2 Qh4+ 31. Kg2 Qg4+ 32. Kf2 Qh4+ 33. Kg2 Qg4+ 1/2-1/2

[Event "Oceania zt"]
[Site "Auckland"]
[Date "2005.02.02"]
[Round "6"]
[White "Prasad, Calvin"]
[Black "Van Renen, Mike"]
[Result "0-1"]
[WhiteElo "1788"]
[BlackElo "2060"]
[PlyCount "94"]
[EventDate "2005.01.30"]
[EventType "swiss"]
[EventRounds "9"]
[EventCountry "NZL"]
[SourceTitle "CBM 104 Extra"]
[Source "ChessBase"]
[SourceDate "2005.03.01"]
[SourceVersion "1"]
[SourceVersionDate "2005.03.01"]
[SourceQuality "1"]

1. d4 d6 2. Nf3 Nf6 3. c4 g6 4. Nc3 Bg7 5. e4 c5 6. Be2 cxd4 7. Nxd4 Nc6 8. Be3 0-0 9. Nxc6 bxc6 10. Qd2 Qa5 11. 0-0 Rd8 12. Rfd1 Ng4 13. Bxg4 Bxg4 14. f3 Be6 15. Bd4 f6 16. b3 Bf7 17. Ne2 Qc7 18. Rdc1 a5 19. Nc3 Qd7 20. Na4 Qb7 21. Bb6 Rdb8 22. Kh1 Qa6 23. Be3 Rd8 24. Bb6 Rdb8 25. Be3 c5 26. Qd3 Qb7 27. Rab1 Qc8 28. Nc3 f5 29. Nd5 Bxd5 30. exd5 a4 31. Bg5 axb3 32. Rxb3 Rxb3 33. Qxb3 Qf8 34. Re1 Bf6 35. Bxf6 Qxf6 36. h3 Kf7 37. a3 h5 38. a4 h4 39. f4 g5 40. Qb7 Re8 41. Re6 Qa1+ 42. Kh2 g4 43. hxg4 fxg4 44. Re2 Qf1 45. Qd7 Qxf4+ 46. Kg1 g3 47. Re1 Qf2+ 0-1

[Event "Oceania zt"]
[Site "Auckland"]
[Date "2005.02.01"]
[Round "4"]
[White "McLaren, Brian"]
[Black "Van Renen, Mike"]
[Result "1-0"]
[WhiteElo "2150"]
[BlackElo "2060"]
[PlyCount "75"]
[EventDate "2005.01.30"]
[EventType "swiss"]
[EventRounds "9"]
[EventCountry "NZL"]
[SourceTitle "CBM 104 Extra"]
[Source "ChessBase"]
[SourceDate "2005.03.01"]
[SourceVersion "1"]
[SourceVersionDate "2005.03.01"]
[SourceQuality "1"]

1. e4 d6 2. d4 g6 3. Nc3 Bg7 4. f4 c5 5. dxc5 dxc5 6. Qxd8+ Kxd8 7. Be3 Bxc3+ 8. bxc3 b6 9. Nf3 e6 10. Bc4 Ke7 11. f5 f6 12. 0-0-0 Nc6 13. g4 Na5 14. Bb5 a6 15. Bd3 Bb7 16. Rhf1 exf5 17. exf5 g5 18. Nd2 Nh6 19. Rfe1 Kf8 20. h3 Nf7 21. Nc4 Nxc4 22. Bxc4 Ne5 23. Be6 h6 24. Rd6 Bc6 25. Bf2 Ke7 26. Rdd1 Rhd8 27. Rxd8 Rxd8 28. Bg3 Kd6 29. c4 Bg2 30. Re3 Ke7 31. Bxe5 fxe5 32. Bd5 Bxd5 33. Rxe5+ Kf6 34. Rxd5 Rxd5 35. cxd5 Ke5 36. c4 b5 37. Kc2 b4 38. Kb3 1-0

[Event "Oceania zt"]
[Site "Auckland"]
[Date "2005.02.01"]
[Round "5"]
[White "Van Renen, Mike"]
[Black "Cronan, James"]
[Result "0-1"]
[WhiteElo "2060"]
[BlackElo "2053"]
[PlyCount "89"]
[EventDate "2005.01.30"]
[EventType "swiss"]
[EventRounds "9"]
[EventCountry "NZL"]
[SourceTitle "CBM 104 Extra"]
[Source "ChessBase"]
[SourceDate "2005.03.01"]
[SourceVersion "1"]
[SourceVersionDate "2005.03.01"]
[SourceQuality "1"]

1. Nc3 d5 2. e4 d4 3. Nce2 e5 4. d3 h5 5. f4 f6 6. h3 c5 7. Nf3 Nc6 8. g3 Bd6 9. Bg2 Be6 10. c3 Qd7 11. cxd4 exd4 12. Bd2 Nge7 13. a3 b5 14. Rc1 Rd8 15. f5 Bf7 16. 0-0 Ne5 17. Nxe5 fxe5 18. f6 gxf6 19. Rxf6 Ng8 20. Rf2 c4 21. dxc4 bxc4 22. Kh2 Rb8 23. Rb1 Qb5 24. Bb4 Bxb4 25. axb4 Qxb4 26. Nxd4 exd4 27. Qxd4 Rh7 28. e5 Qb6 29. Qf4 Qe6 30. Rd1 Rd8 31. Rdf1 Rg7 32. Be4 Nh6 33. Qe3 Ng8 34. Qxa7 Ne7 35. Qc5 Nd5 36. Rf6 Nxf6 37. Rxf6 Rd2+ 38. Bg2 Qe7 39. Qc8+ Rd8 40. Qc6+ Kf8 41. Rd6 Re8 42. Rh6 Qxe5 43. Rh8+ Bg8 44. Qf3+ Rf7 45. Qc6 0-1

[Event "Oceania zt"]
[Site "Auckland"]
[Date "2005.01.31"]
[Round "3"]
[White "Van Renen, Mike"]
[Black "Spain, Graeme"]
[Result "1/2-1/2"]
[WhiteElo "2060"]
[BlackElo "2192"]
[PlyCount "80"]
[EventDate "2005.01.30"]
[EventType "swiss"]
[EventRounds "9"]
[EventCountry "NZL"]
[SourceTitle "CBM 104 Extra"]
[Source "ChessBase"]
[SourceDate "2005.03.01"]
[SourceVersion "1"]
[SourceVersionDate "2005.03.01"]
[SourceQuality "1"]

1. g3 d5 2. Bg2 Nf6 3. d3 c6 4. Nc3 e5 5. e4 dxe4 6. Nxe4 Nxe4 7. Bxe4 Nd7 8. Bg2 Bc5 9. Nf3 Qb6 10. 0-0 0-0 11. c3 a5 12. Qc2 Bd6 13. Nd2 Qc7 14. Ne4 Nc5 15. Nxd6 Qxd6 16. d4 exd4 17. cxd4 Na6 18. Qe4 Nb4 19. Bf4 Qd8 20. Rfe1 Be6 21. a3 Nd5 22. Be5 Re8 23. Qc2 f6 24. Bf4 Nxf4 25. gxf4 Qd7 26. Re3 Bd5 27. Rae1 Bxg2 28. Kxg2 Kh8 29. Qe2 Rxe3 30. fxe3 Re8 31. Qf3 f5 32. Kf2 Re4 33. Rg1 Qf7 34. Qe2 Qf6 35. Rg5 g6 36. Qc4 Qe6 37. Qc3 Qd5 38. Rg1 Kg8 39. Rc1 Re6 40. Qd2 b6 1/2-1/2

[Event "Dieren op"]
[Site "Dieren"]
[Date "2003.07.30"]
[Round "8"]
[White "Van der Veen, Jan"]
[Black "Van Renen, Mike"]
[Result "0-1"]
[WhiteElo "2159"]
[BlackElo "2072"]
[PlyCount "76"]
[EventDate "2003.07.22"]
[EventType "swiss"]
[EventRounds "9"]
[EventCountry "NED"]
[SourceTitle "CBM 095 Extra"]
[Source "ChessBase"]
[SourceDate "2003.09.04"]
[SourceVersion "1"]
[SourceVersionDate "2003.09.04"]
[SourceQuality "1"]

1. e4 c5 2. Nc3 Nc6 3. f4 e6 4. Nf3 d5 5. Bb5 d4 6. Ne2 Nf6 7. Bxc6+ bxc6 8. d3 Qb6 9. b3 a5 10. a4 Ba6 11. Ng3 h5 12. 0-0 h4 13. Nh1 0-0-0 14. Ne5 Qc7 15. Bd2 Bd6 16. Nc4 Bxc4 17. bxc4 e5 18. Qe1 exf4 19. Bxa5 Qe7 20. e5 Bxe5 21. Bxd8 Kxd8 22. Qa5+ Kd7 23. Rab1 Bc7 24. Rb7 Rc8 25. Qe1 Qe3+ 26. Qxe3 fxe3 27. Ra7 Ke6 28. Rb1 g5 29. a5 g4 30. g3 Nh5 31. gxh4 f5 32. Ng3 Nxg3 33. hxg3 Bxg3 34. Rbb7 Bxh4 35. Kf1 f4 36. Rh7 Bf6 37. Rab7 f3 38. a6 g3 0-1